00703nam a22002177a 4500003000500000005001700005008004100022010001000063011001000073035001000083040000900093100002700102245011100129260004000240300002200280502007500302650002400377650002700401650002100428700003600449CHAP20220329141029.0971013s1996 r 00010 d a61550 a62522 a66696 cCHAP00aRuiz Nolasco, Roberto. aEfecto del proceso de suelo sobre la germinación de semilla del pasto llanero (Andropogon gayanus Kunth) aChapingo, Méx. :bEl autor,c1996 a54 h.b: gráfs. aTesis (Ing. Agr. Esp. en Zootecnia) -- UACH. Departamento de Zootecnia14aAndropogon gayanus.14aPastosxGerminación.14aPastosxSemilla.0 aClemente Reyes, Ma. del Carmen.